| 000 | 00571nam a22001937a 4500 | ||
|---|---|---|---|
| 003 | KOHA_MİRAKIL | ||
| 005 | 20251209081930.0 | ||
| 008 | 251209b tu ||||| |||| 00| 0 tur d | ||
| 020 | _a9786053202509 | ||
| 040 |
_aTR-AnABB _btur _cTR-AnABB |
||
| 041 | _atur | ||
| 082 |
_a519.5 _bCOK 2015 |
||
| 100 | 1 | _aTabachnick, Barbara G., | |
| 245 | 1 | 0 |
_aÇok değişkenli istatistiklerin kullanımı / _cBarbara G. Tabachnick |
| 260 |
_aAnkara : _bNobel Akademik Yayıncılık, _c2015 |
||
| 300 |
_a991 sayfa ; _c21 cm |
||
| 650 | 0 | 4 | _aİstatistik |
| 942 |
_2ddc _cBK |
||
| 999 |
_c9705 _d9705 |
||
| 900 | _bGizem YORULMAZ | ||